| 000 | 00708nam a2200229 4500 | ||
|---|---|---|---|
| 003 | OSt | ||
| 005 | 20240606030919.0 | ||
| 006 | a | ||
| 008 | 240606b |||||||| |||| 00| 0 eng d | ||
| 020 | _a9789718984185 | ||
| 040 |
_aDWCL-Main lib. _cOC |
||
| 082 | _aFil. 155.92 T161k 2012 | ||
| 100 | _aTan, Earnest L. | ||
| 245 | _aKilling the fire...in place of running after the arsonist!: reflections on the healing process / | ||
| 260 |
_aManila, Phils. : _bSpiritus Works, _cc2012. |
||
| 300 |
_axiii, _b96 pages ; _c19 cm. |
||
| 650 | _a1. Forgiveness. | ||
| 650 | _a2. Behavior therapy. | ||
| 650 | _a3. Healing–Psychological aspects. | ||
| 700 | _aEarnest L. Tan | ||
| 942 |
_2ddc _n0 _cBK - FIL _kFil. |
||
| 999 |
_c254 _d254 |
||